| 000 | 00795nam a22002657a 4500 | ||
|---|---|---|---|
| 001 | 2982 | ||
| 003 | FISKH | ||
| 005 | 20250731141023.0 | ||
| 008 | 240126b cb ||||| |||| 00| 0 eng d | ||
| 020 | _a9780590442619 | ||
| 040 |
_aFISKH _beng _cFISKH _dFISKH |
||
| 050 | _aPZ7.B7633 | ||
| 082 | _a823.3 | ||
| 100 | _aBridwell, Norman | ||
| 245 |
_aClifford and the grouchy neighbors _cby Bridwell, Norman |
||
| 260 |
_aNew York : _bScholastic , _c1985 |
||
| 300 |
_a31 unnumbered pages : _bcolor illustrations ; _c21 cm . |
||
| 490 | _a Clifford the Big Red Dog | ||
| 505 | _aJ | ||
| 520 | _aThe neighbors didn't like Clifford until the day he saved their birds. | ||
| 521 | 8 |
_a490
_bLexile |
|
| 521 | 8 |
_aJ
_bRaz-Plus |
|
| 600 |
_2clifford _vfiction |
||
| 942 |
_2ddc _cBK _n0 |
||
| 999 |
_c2982 _d2982 |
||